| 000 -ლიდერი |
| ფიქსირებული სიგრძის საკონტროლო ველი |
01297nam a2200229Ia 4500 |
| 001 - საკონტროლო ნომერი |
| საკონტროლო ველი |
5798 |
| 003 - საკონტროლო ნომრის იდენტიფიკატორი |
| საკონტროლო ველი |
GE_BSU |
| 005 - ბოლო ოპერაციის თარიღი და დრო |
| საკონტროლო ველი |
20190605155610.0 |
| 008 - ფიქსირებული სიგრძის მონაცემთა ელემენტები - ზოგადი ინფორმაცია |
| ფიქსირებული სიგრძის საკონტროლო ველი |
181216s1978||||ge |||||||||||||| ||geo|| |
| 040 ## - კატალოგიზაციის წყარო |
| Transcribing agency |
GE_BSU |
| 041 ## - ენის კოდი |
| Language code of text/sound track or separate title |
geo |
| 080 ## - უნივერსალური ათობითი კლასიფიკაციის ინდექსი |
| Universal Decimal Classification number |
725.4(075.8) + 72(09)(075.8) მ-77 |
| 100 ## - მთავარი ჩანაწერი - პიროვნების სახელი |
| Personal name |
მიხაილოვი, ბ. |
| 9 (RLIN) |
2114 |
| 245 ## - ცნობა სათაურის შესახებ |
| Title |
სამოქალაქო და სამრეწველო შენობების არქიტექტურა I. არქიტექტურის ისტორია : |
| Remainder of title |
სახელმძღვ. / |
| Statement of responsibility, etc |
ბ. მიხაილოვი ; მთარგმ. დ. კომახიძე, რედ. თ. ჩიჩუა. |
| 264 ## - წარმოების, გამოცემის, დისტრიბუციის და სხვა ცნობები |
| გამოცემის, წარმოების, დისტრიბუციის... ადგილი |
თბილისი : |
| გამოცემის, წარმოების, დისტრიბუციის... სახელწოდება |
განათლება, |
| გამოცემის, წარმოების, დისტრიბუციის... თარიღი |
1978. |
| 300 ## - ფიზიკური აღწერა |
| Extent |
450გვ;22სმ;ილ;ბიბლიოგრ.:გვ.448. |
| 504 ## - BIBLIOGRAPHY, ETC. NOTE |
| Bibliography, etc |
ბიბლიოგრ. : გვ.448. |
| 653 ## - INDEX TERM--UNCONTROLLED |
| Uncontrolled term |
სამოქალაქო და სამრეწველო შენობების არქიტექტურა არქიტექტურის ისტორია |
| 653 ## - INDEX TERM--UNCONTROLLED |
| Uncontrolled term |
არქიტექტურის ისტორია |
| 700 ## - ADDED ENTRY--PERSONAL NAME |
| Personal name |
კომახიძე, დ. |
| Relator term |
მთარგმნელი |
| 9 (RLIN) |
2115 |
| 942 ## - ADDED ENTRY ELEMENTS (KOHA) |
| Koha item type |
წიგნი |
| Source of classification or shelving scheme |
|